A szövetkezetek kettős arculata
Elmentve itt :
| Szerző: | |
|---|---|
| További közreműködők: | |
| Dokumentumtípus: | Szakdolgozat |
| Megjelent: |
1975
|
| Tárgyszavak: | |
| Online Access: | http://diploma.bibl.u-szeged.hu/18907 |
| LEADER | 00538nta a2200157 i 4500 | ||
|---|---|---|---|
| 001 | dipl18907 | ||
| 005 | 20120105144154.0 | ||
| 008 | 120105s1975 hu om 0|| zxx d | ||
| 040 | |a SZTE Diploma Repozitórium |b hun | ||
| 041 | |a zxx | ||
| 100 | 1 | |a Szűcs Margit | |
| 245 | 1 | 2 | |a A szövetkezetek kettős arculata |h [elektronikus dokumentum] / |c Margit Szűcs |
| 260 | |c 1975 | ||
| 650 | 4 | |a Jogi és igazgatási tanulmányok | |
| 700 | 1 | |a Veres József |e ths | |
| 856 | 4 | 0 | |u http://diploma.bibl.u-szeged.hu/id/eprint/18907/1/1975_szucs_margit.pdf |z Dokumentum-elérés |